| 000 | 01004cam a22003017a 4500 | ||
|---|---|---|---|
| 005 | 20220817043051.0 | ||
| 008 | 971010s1988 r 00010 d | ||
| 010 | _a64481 | ||
| 011 | _a65453 | ||
| 035 | _a72229 | ||
| 082 |
_a630.72 _bG6 |
||
| 100 | 0 | 0 |
_aGómez Aguilar, José Roberto. _949604 |
| 245 | 1 | 3 | _aLa investigación científica agropecuaria, 1983 - 1984 |
| 260 |
_aMéxico, D.F. : _bCONACYT, _c1988 |
||
| 300 | _a189 p. | ||
| 490 | 0 |
_aSerie estudios _v; 11 |
|
| 500 | _aD96-233 | ||
| 590 |
_aBATCH-UPD _b10 _c20130110 _lUCH01 _h1307 |
||
| 590 |
_aBATCH-UPD _b10 _c20130410 _lUCH01 _h0822 |
||
| 590 |
_aBATCH-UPD _b10 _c20130914 _lUCH01 _h1035 |
||
| 590 |
_aBATCH-UPD _b10 _c20140805 _lUCH01 _h1146 |
||
| 590 |
_aCONVERSION _b10 _c20130109 _lUCH01 _h1335 |
||
| 650 | 1 | 4 |
_aAgricultura _xInvestigación. _91577 |
| 710 | 0 | _aConsejo Nacional de Ciencia y Tecnología. México. | |
| 830 | 0 |
_aSerie estudios _v; 11 _9104865 |
|
| 901 | _aBK | ||
| 949 |
_a630.72 G6 _bZA _cLIBRO _d-4922 _eLIBRO _h5041 _i72229 _si |
||
| 999 |
_c64481 _d64481 |
||